O nilpotentnosti v pologrupách : Dokt.diz.práca : V.odb. 11-04-9 : Obh. 14.10.1987 : Projekt I-5-3/08 /

Saved in:
Bibliographic Details
Main Author: Šulka, Róbert (Author)
Format: Manuscript Book
Published: Bratislava : SVŠT v Bratislave EF, 1985
Subjects:
Tags: Add Tag
No Tags, Be the first to tag this record!

MARC

LEADER 00000ntm a22000003a 4500
001 stu4396
005 20150617225704.6
008 ------s1985----------------------------d
040 |a STU  |b slo 
041 0
100 1 |a Šulka, Róbert  |4 aut 
245 1 |a O nilpotentnosti v pologrupách :  |b Dokt.diz.práca : V.odb. 11-04-9 : Obh. 14.10.1987 : Projekt I-5-3/08 /  |c [aut.] Šulka,Robert 
260 |a Bratislava :  |b SVŠT v Bratislave EF,  |c 1985 
300 |a 149 s 
650 7 |a matematika  |2 stusub 
650 7 |a pologrupy  |2 stusub 
996 |b 284ED00750  |c E*DDIZ-540  |l EE01  |s A  |a 24  |w stu4396_0001